Apuesta por un jockey muerto : (Record no. 4169)
[ view plain ]
| 000 -CABECERA | |
|---|---|
| campo de control de longitud fija | 01044cam a22002411 4500 |
| 001 - NÚMERO DE CONTROL | |
| campo de control | 000004360 |
| 005 - FECHA Y HORA DE LA ÚLTIMA TRANSACCIÓN | |
| campo de control | 20200929151430.0 |
| 008 - DATOS DE LONGITUD FIJA--INFORMACIÓN GENERAL | |
| campo de control de longitud fija | 720418s1961 sp 000 f spa |
| 040 ## - FUENTE DE LA CATALOGACIÓN | |
| Centro catalogador/agencia de origen | DO-SdBNP |
| Lengua de catalogación | spa |
| Centro/agencia transcriptor | BNPHU |
| 082 ## - NÚMERO DE LA CLASIFICACIÓN DECIMAL DEWEY | |
| Número de clasificación | 823.914 |
| Número de documento/Ítem | S534t |
| 100 1# - ENTRADA PRINCIPAL--NOMBRE DE PERSONA | |
| Nombre de persona | Shaw, Irwin, |
| Fechas asociadas al nombre | 1913-1984. |
| 9 (RLIN) | 12848 |
| 240 10 - TÍTULO UNIFORME | |
| Título uniforme | Tip on a dead jockey |
| Lenguaje de la obra | Español |
| 245 10 - MENCIÓN DE TÍTULO | |
| Título | Apuesta por un jockey muerto : |
| Resto del título | novelas / |
| Mención de responsabilidad, etc. | Irwin Shaw ; traducción del inglés por Juan G. de Luaces. |
| 260 ## - PUBLICACIÓN, DISTRIBUCIÓN, ETC. | |
| Lugar de publicación, distribución, etc. | Barcelona : |
| Nombre del editor, distribuidor, etc. | Planeta, |
| Fecha de publicación, distribución, etc. | 1961. |
| 300 ## - DESCRIPCIÓN FÍSICA | |
| Extensión | 316 p. ; |
| Dimensiones | 20 cm. |
| 490 1# - MENCIÓN DE SERIE | |
| Mención de serie | Goliat |
| 505 2# - NOTA DE CONTENIDO CON FORMATO | |
| Nota de contenido con formato | Apuesta por un jockey muerto -- |
| Título | Una historia maligna -- |
| -- | Al estilo Francés -- |
| -- | Pedro Segundo -- |
| -- | La edad de la razón -- |
| -- | El beso en Croton Falls -- |
| -- | El beso en Croton Falls -- |
| -- | Cuando éramos tres -- |
| -- | Las soledas orillas del Leteo -- |
| -- | La boda de un amigo -- |
| -- | Viaje de ida y vuelta. |
| 650 #4 - PUNTO DE ACCESO ADICIONAL DE MATERIA--TÉRMINO DE MATERIA | |
| Término de materia o nombre geográfico como elemento de entrada | Novela inglesa |
| 9 (RLIN) | 1071 |
| 650 #4 - PUNTO DE ACCESO ADICIONAL DE MATERIA--TÉRMINO DE MATERIA | |
| Término de materia o nombre geográfico como elemento de entrada | Literatura inglesa |
| 9 (RLIN) | 498 |
| 700 12 - PUNTO DE ACCESO ADICIONAL--NOMBRE DE PERSONA | |
| Nombre de persona | Luaces, Juan G. de, |
| Término indicativo de función/relación | tr. |
| 9 (RLIN) | 12849 |
| 830 #0 - PUNTO DE ACCESO ADICIONAL DE SERIE-TÍTULO UNIFORME | |
| Título uniforme | Goliat |
| 9 (RLIN) | 4949 |
| 910 ## - DATOS DE OPCIÓN DEL USUARIO (OCLC) | |
| Datos de opción del usuario | Validado. Control de calidad MFF |
| Estado de retiro | Estado de pérdida | Restricciones de uso | No para préstamo | Código de colección | Localización permanente | Ubicación/localización actual | Ubicación en estantería | Fecha de adquisición | Número de inventario | Total de préstamos | Signatura topográfica completa | Código de barras | Fecha visto por última vez | Precio válido a partir de | Tipo de ítem Koha |
|---|---|---|---|---|---|---|---|---|---|---|---|---|---|---|---|
| Préstamo interno | Monografías: Libros y Folletos | General | General | Depósito | 21.07.2009 | LF1 | 823.914 S534t | 4360-10 | 25.06.2020 | 25.06.2020 | Préstamo interno |
